000 00779cab a2200265 4500
001 ABS57589
008 090401t1997 xxu||||| |||| 00| 0 eng d
035 _a(Sirsi) u80826
041 _aeng
100 _aDe Figueiredo, P.
245 _aPride in the historic environment
260 _c1997
350 _a0
490 _aMunicipal Journal
_v5 September 1997, 20-21(2)
520 _aDiscusses how historic towns and cities can raise the finance for the maintenance of their historic buildings using Chester as an example.
650 _aCHESTER
650 _aFUNDING
650 _aGRANTS
650 _aHISTORIC TOWNS
650 _aSINGLE REGENERATION BUDGET
650 _aSUSTAINABLE DEVELOPMENT
690 _aCONSERVATION
942 _n0
948 _c12/09/1997
999 _c50906
_d50906